000 00482nam a2200169Ia 4500
999 _c28456
_d28456
003 OSt
005 20201110152626.0
008 190216s9999||||xx |||||||||||||| ||und||
040 _coclc
082 _a894.8123
_bIND/O
100 _aIndira, K
_96417
245 0 _aOru Uthradarathriyude Ormmakku /
_cK Indira
260 _bPoorna Publications,
_a Kozhikode:
_c2004.
300 _a100p
650 _aNovel
942 _cBK
_2ddc
_h894.8123
_iIND/O
_k894.8123
_mIND/O